La génesis del pensamiento de Ortega
Saved in:
| Hovedforfatter: | |
|---|---|
| Format: | Bog |
| Sprog: | spansk |
| Udgivet: |
Buenos Aires
Compañía General Fabril
1962
|
| Serier: | Idea del Hombre
|
| Fag: | |
| Tags: |
Tilføj Tag
Ingen Tags, Vær først til at tagge denne postø!
|
MARC
| LEADER | 00000nam a2200000 a 4500 | ||
|---|---|---|---|
| 001 | UCS5552 | ||
| 003 | CL-VaPUC | ||
| 005 | 20221118162125.0 | ||
| 008 | 970906e19620000AG |||||||||||||||||spa|d | ||
| 999 | |c 261934 |d 261932 | ||
| 040 | |c Pontificia Universidad Católica de Valparaíso | ||
| 082 | 0 | 4 | |a 196.1 |b LAR |2 21 |
| 100 | |a Larraín Acuña, Hernán |e author |9 391273 | ||
| 245 | 1 | 3 | |a La génesis del pensamiento de Ortega |
| 260 | |a Buenos Aires |b Compañía General Fabril |c 1962 | ||
| 300 | |a v | ||
| 490 | 0 | |a Idea del Hombre | |
| 500 | |a v.1: La metafísica de Ortega y Gasset | ||
| 583 | |a last modification |c 19970906 00:00:00 |k Rodrigo Vera | ||
| 600 | |a Ortega y Gasset, José, |d 1883-1955 |9 551380 | ||
| 650 | 0 | |a Filosofía española |9 254895 | |
| 942 | |c BK |2 ddc | ||
| 945 | |d 19970906 00:00:00 |a rleighto | ||
| 952 | |0 0 |1 0 |4 0 |6 196_100000000000000_LAR_1962 |7 0 |8 P |9 289988 |a BIBEDU |b BIBEDU |c BIBEDU_PB |d 2019-11-19 |h v.1 |i 3347648 |o 196.1 LAR 1962 |p 3347648 |r 2024-01-25 |w 2019-11-19 |y BK |k FIL | ||